000 00531nam a2200193Ia 4500
999 _c40314
_d40314
003 0100
005 20180301112855.0
008 130303s9999 xx 000 0 und d
040 _cARRUPELIB
050 _aDT853.5.R6 1965
100 _aRotberg I. Robert
_940011
245 4 _aThe rise of nationalism in Central Africa:
_bthe making of Malawi and Zambia 1873-1964 /
260 _aCambridge, Massachusetts
_bHarvard University Press
_c1965
300 _axv
300 _b 360p. 22cm.
650 _aNationalism
_xAfrica, Central
_940012
650 _aMalawi
_xHistory
_926441
650 _aZambia
_xHistory
_927962
942 _2lcc
_cMONOGRAPH